000 02053cam a2200433Ia 4500
003 PE-LiUPU
005 20250731183341.0
008 160504s2012 pe a b 000 0 spa d
020 _a6124088517
020 _a9786124088513
035 _a(Sirsi) i9786124088513
040 _aPE-LiUPU
_bspa
_cPE-LiUPU
_erda
049 _aPRUA
082 _a726.74
_bC89
_220
100 1 _aSan Cristóbal Sebastián, Antonio,
_eautor.
245 1 0 _aArquitectura virreinal de la Iglesia y Convento de Santo Domingo /
_cAntonio San Cristóbal Sebastiín.
264 1 _aLince, Lima :
_bGráfica Delvi,
_c2012.
300 _a159 páginas :
_bIlustraciones ;
_c29 centímetros
336 _atext
_2rdacontent
337 _aunmediated
_2rdamedia
338 _avolume
_2rdacarrier
505 _aEvolución arquitectónica de la Iglesia Santo Domingo -- Apertura final de crucero -- La capilla de nuestra señora del rosario -- Cronología de tres obras arquitectónicas en Santo Domingo -- Dependencias conventuales -- Los claustros en el convento de Santo Domingo -- La capilla de san martín de porres -- La torre de santo domingo de 1659 -- La segunda torre de santo domingo -- Epílogo
526 _aP158
526 _aP146
526 _aP17
526 _aP12
526 _aP06
541 _g0020-0000433;
610 2 _aIglesia de Santo Domingo (Lima)
_xHistoria.
610 2 _aConvento de Santo Domingo (Lima)
_xHistoria.
650 1 4 _aArquitectura colonial española
_zPerú
_zLima.
650 2 4 _aArquitectura de iglesias
_zPerú
_zLima.
650 2 4 _aConventos
_zPerú
_zLima.
942 _2ddc
_cBOOK
949 _a726.74 C89
_wDEWEY
_c1
_i72935
_lCCODEBUL1
_mBUL
_r0
_sY
_tBOOK
_u2016-5-4
_xINGENIERIA
_PP06
_0COMPRA
_o.STAFF. Colecci©đn General
994 _aC0
_bPEPRU
596 _a1
999 _a726.74 C89
_wDEWEY
_c9263
_i72935
_d9263
_f2021-11-10
_g7
_lCCODEBUL1
_mBUL
_q1
_r0
_sY
_tBOOK
_u2016-5-4
_xINGENIERIA
_PP06
_0COMPRA
_o.STAFF. Colecci©đn General
980 _81
_gALBERTO SANCHEZ Responsable de Automatización